DC's 'Girl' Superheroes (Picture Click) Quiz Stats

 Plays Quiz not verified by Sporcle

Score 0/10 Timer 02:30
0 Plays Today
% Correct
Batgirl
98.5%
Supergirl
96.5%
Hawkgirl
95.4%
Stargirl
92.3%
Wonder Girl
90.5%
Elasti-Girl
86.3%
Saturn Girl
85.3%
Power Girl
81.5%
Girl 13
69.5%
Calendar Girl
68%

You're not logged in!

Compare scores with friends on all Sporcle quizzes.
OR
Log In

You Might Also Like...

Show Comments

Extras

Top Quizzes Today


Score Distribution

Your Account Isn't Verified!

In order to create a playlist on Sporcle, you need to verify the email address you used during registration. Go to your Sporcle Settings to finish the process.

Report this User

Report this user for behavior that violates our Community Guidelines.

Details: